Hannover 96 players since 2000 - Statistics

General Stats
  • This quiz has been taken 21 times
  • The average score is 80 of 279
Answer Stats
Ranking Player Positions Nationality Matches Goals Assists Periods % Correct
2 Ron-Robert Zieler GK 362 0 1 2010-2015, 2019-2020, 2021-2025
94%
13 Didier Ya Konan ST 149 44 23 2009-2015
89%
9 Robert Enke GK 164 0 0 2004-2010
89%
1 Steven Cherundolo RB 365 7 20 2000-2014
89%
8 Konstantin Rausch LB 169 10 19 2007-2013
83%
4 Altin Lala DM 247 5 12 2000-2012
78%
35 Hiroki Sakai RB 94 2 2 2012-2016
78%
57 Niclas Füllkrug ST 75 21 7 2016-2019
78%
23 Salif Sané CB 128 12 3 2013-2018
78%
112 Dame Diouf CB 32 5 0 2001-2003
72%
65 Mame Diouf ST 68 33 16 2011-2014
72%
22 Miiko Albornoz LB 129 1 13 2014-2020
72%
18 Szabolcs Huszti LM 140 39 39 2006-2008, 2012-2014
72%
141 Bastian Schulz DM 23 1 0 2007-2009
67%
3 Christian Schulz CB 269 19 7 2007-2016
67%
43 Enzo Leopold CM 86 5 13 2022-2025
67%
82 Florian Fromlowitz GK 58 0 0 2008-2011
67%
34 Genki Haraguchi AM 94 15 16 2018-2021
67%
38 Havard Nielsen ST 91 17 9 2022-2025
67%
101 Ihlas Bebou ST 42 9 5 2017-2019
67%
5 Jiri Stajner CF 229 42 30 2002-2010
67%
25 Karim Haggui CB 118 7 1 2009-2014
67%
81 Marcel Halstenberg CB 60 8 8 2023-2025
67%
67 Marvin Ducksch ST 66 32 13 2019-2022
67%
36 Cedric Teuchert ST 93 33 12 2019-2020, 2021-2024
61%
49 Christian Pander LB 78 4 11 2011-2015
61%
10 Jan Schlaudraff CF 156 19 25 2008-2015
61%
59 Per Mertesacker CB 74 7 3 2003-2006
61%
7 Sérgio da Silva Pinto CM 179 22 19 2007-2013
61%
21 Waldemar Anton CB 130 5 3 2015-2020
61%
238 Heinz Müller GK 4 0 0 2000-2001
56%
120 Joselu ST 30 8 4 2014-2015
56%
40 Kenan Karaman ST 87 10 9 2014-2018
56%
70 Michael Esser GK 65 0 0 2017-2021
56%
179 Nicolai Müller AM 14 3 0 2018-2019
56%
42 Oliver Sorg RB 87 0 1 2015-2019
56%
17 Sei Muroya RB 142 5 12 2020-2025
56%
55 Florent Muslija AM 76 9 1 2018-2022
50%
61 Frank Fahrenhorst CB 71 5 2 2006-2009
50%
91 Hiroshi Kiyotake AM 53 10 11 2014-2016
50%
44 Jannik Dehm RB 85 2 5 2021-2025
50%
15 Lars Stindl AM 147 22 27 2010-2015
50%
84 Leonardo Bittencourt CM 57 5 8 2013-2015
50%
6 Manuel Schmiedebach DM 220 2 18 2009-2018
50%
99 Mikael Forssell ST 44 7 5 2008-2011
50%
45 Mike Hanke ST 81 19 3 2007-2011
50%
46 Vahid Hashemian ST 80 9 11 2005-2008
50%
171 Artjoms Rudnevs ST 16 4 4 2013-2014
44%
160 Bobby Wood ST 20 3 1 2018-2019
44%
24 Edgar Prib CM 128 9 19 2013-2016, 2018-2020
44%
66 Emanuel Pogatetz CB 67 1 1 2010-2012
44%
19 Hendrik Weydandt ST 138 24 11 2018-2023
44%
47 Jan Rosenthal CF 80 11 8 2006-2010
44%
138 Marco Rose LB 24 0 0 2000-2002
44%
28 Mario Eggimann CB 106 2 2 2008-2013
44%
80 Martin Harnik RW 60 26 5 2016-2018
44%
187 Mevlüt Erdinç ST 11 0 1 2015-2016
44%
32 Mohammed Abdellaoue ST 95 31 5 2010-2013
44%
54 Nicolò Tresoldi ST 77 14 6 2022-2025
44%
72 Philipp Tschauner GK 64 0 0 2016-2019
44%
33 Phil Neumann CB 94 5 3 2022-2025
44%
63 Thomas Brdaric ST 70 27 8 2003-2004, 2005-2007
44%
132 Walace DM 26 1 1 2018-2019
44%
172 Allan Saint-Maximin LW 16 1 0 2015-2016
39%
27 Arnold Bruggink AM 111 20 28 2006-2010
39%
90 Derrick Köhn LB 53 8 12 2022-2024
39%
56 Felix Klaus RM 76 11 11 2015-2018
39%
12 Hanno Balitsch DM 150 12 8 2005-2010
39%
136 Hyun-ju Lee AM 24 3 2 2024-2025
39%
39 Linton Maina LW 91 11 14 2017-2022
39%
53 Marcelo CB 77 3 3 2013-2016
39%
30 Marvin Bakalorz DM 102 2 5 2016-2020
39%
71 Mohamadou Idrissou ST 64 13 7 2002-2006
39%
125 Noah Sarenren Bazee RW 28 1 9 2015-2019
39%
85 Pirmin Schwegler DM 56 0 7 2017-2019
39%
16 Vinícius CB 144 9 5 2002-2009
39%
184 Ádám Szalai ST 12 0 1 2015-2016
33%
20 Artur Sobiech ST 134 23 7 2011-2017
33%
186 Boris Tomiak CB 11 0 0 2024-2025
33%
104 Constant Djakpa LB 38 0 4 2009-2011
33%
37 Fabian Kunze DM 92 2 7 2022-2025
33%
215 Hugo Almeida ST 7 1 0 2015-2016
33%
260 Husseyn Chakroun LW 1 0 0 2024-2025
33%
78 Iver Fossum CM 62 2 3 2015-2019
33%
135 Jacek Krzynowek LM 25 2 4 2008-2010
33%
129 Jannik Rochelt LW 27 2 2 2024-2025
33%
122 Jimmy Briand ST 29 3 8 2014-2015
33%
145 Jonathas ST 23 6 4 2017-2020
33%
231 Kevin Akpoguma CB 4 0 0 2018-2019
33%
133 Kolja Oudenne LW 25 0 2 2023-2025
33%
108 Max Christiansen DM 35 1 1 2023-2025
33%
76 Maximilian Beier ST 63 10 6 2021-2023
33%
248 Samuel Sahin-Radlinger GK 3 0 0 2016-2017, 2018-2019
33%
198 Sebastian Jung RB 9 0 1 2019-2020
33%
182 Takuma Asano RW 13 0 0 2018-2019
33%
88 Thomas Christiansen ST 55 12 5 2003-2006
33%
96 Andre Hoffmann CB 47 2 1 2012-2013, 2015-2016
28%
151 Benjamin Lauth ST 21 0 1 2007-2008
28%
11 Daniel Stendel RW 154 33 10 2000-2006
28%
137 Florian Hübner CB 24 1 0 2016-2018
28%
258 Henrik Ernst CB 2 0 0 2009-2010
28%
173 Johan Djourou CB 16 0 0 2012-2013
28%
143 Josh Knight CB 23 3 0 2024-2025
28%
86 Julian Börner CB 56 3 1 2021-2024
28%
69 Julian Korb RB 66 2 6 2017-2020
28%
110 Lars Gindorf AM 34 3 2 2023-2025
28%
41 Leon Andreasen CM 87 11 4 2008-2009, 2012-2016
28%
89 Louis Schaub RM 54 8 8 2022-2024
28%
174 Lukas Hinterseer ST 16 0 2 2021-2022
28%
92 Matthias Ostrzolek DM 52 0 2 2017-2020
28%
29 Michael Tarnat LB 102 8 11 2004-2009
28%
256 Niklas Tarnat DM 2 0 0 2020-2021
28%
278 Noel Aseko DM 1 0 0 2024-2025
28%
75 Sebastian Ernst AM 63 2 4 2021-2024
28%
113 Sébastien Pocognoli LB 32 0 1 2012-2014
28%
105 Timo Hübers CB 37 3 2 2017-2018, 2019-2021
28%
161 Uffe Bech RW 20 2 3 2015-2016, 2018-2019
28%
98 Valmir Sulejmani ST 44 3 3 2013-2014, 2015-2016, 2020-2022
28%
87 Andreas Voglsammer ST 56 11 6 2023-2025
22%
204 Arouna Koné ST 8 2 0 2009-2010
22%
257 Babacar Gueye ST 2 0 0 2016-2017
22%
153 Bartlomiej Wdowik LB 21 0 2 2024-2025
22%
95 Bright Arrey-Mbi CB 47 0 0 2022-2024
22%
144 Brooklyn Ezeh LB 23 0 2 2023-2025
22%
117 Ceyhun Gülselam DM 31 1 1 2014-2016
22%
164 Charlison Benschop ST 18 2 1 2015-2018
22%
50 Christoph Dabrowski DM 78 3 3 2003-2006
22%
234 DaMarcus Beasley LB 4 0 0 2010-2011
22%
14 Dariusz Zuraw CB 147 7 2 2001-2008
22%
229 Denis Wolf AM 4 1 0 2003-2004
22%
233 Dennis Aogo LB 4 0 0 2019-2020
22%
119 Jaka Bijol CB 30 0 0 2020-2021
22%
73 Jan Simak AM 64 29 7 2000-2001, 2003-2004
22%
147 Kevin Wimmer CB 22 0 0 2018-2019
22%
251 Marius Wolf RB 2 0 0 2015-2016
22%
180 Martin Hansen GK 14 0 0 2019-2022
22%
152 Mike Frantz DM 21 0 0 2020-2022
22%
130 Monju Momuluh RW 27 2 2 2022-2025
22%
94 Moritz Stoppelkamp AM 49 0 0 2010-2012
22%
253 Morten Jensen GK 2 0 0 2005-2006, 2008-2009
22%
83 Niklas Hult LB 57 3 4 2020-2022
22%
93 Philipp Ochs LW 49 3 1 2019-2022
22%
127 Sebastian Maier CM 27 2 2 2016-2018
22%
62 Sofian Chahed RB 70 2 8 2009-2013
22%
168 Sören Halfar LB 17 0 1 2004-2008
22%
203 Thomas Schneider CB 8 0 0 2003-2005
22%
232 Tim Dierßen CM 4 0 0 2013-2014, 2015-2016, 2018-2019
22%
163 Valérien Ismaël CB 18 0 2 2007-2009
22%
193 Yannik Lührs CB 10 0 0 2022-2024
22%
220 Abel Xavier RB 5 0 0 2003-2004
17%
170 Antonio Foti AM 17 1 2 2022-2024
17%
169 Barış Başdaş CB 17 0 1 2020-2021
17%
52 Carsten Linke CB 78 7 2 2000-2003
17%
68 Chavdar Yankov CM 66 6 3 2005-2009
17%
208 Christoffer Andersson RB 7 0 0 2006-2007
17%
206 Christopher Avevor CB 8 0 0 2010-2011, 2013-2014
17%
221 Christopher Scott AM 5 0 0 2023-2024
17%
155 Clint Mathis AM 20 5 2 2003-2005
17%
140 Conor Casey ST 23 8 1 2001-2003
17%
262 Daniel Haas GK 1 0 0 2003-2004
17%
60 Dominik Kaiser CM 72 4 5 2019-2022
17%
197 Erik Jendrisek ST 9 0 0 2006-2007
17%
217 Fabian Montabell ST 6 0 0 2003-2004, 2005-2007
17%
77 Felipe Trevizan CB 63 4 1 2012-2013, 2014-2020
17%
270 Ferhat Bikmaz DM 1 0 0 2007-2008
17%
274 Frank Juric GK 1 0 0 2005-2006
17%
126 Fredi Bobic ST 27 14 2 2002-2003
17%
241 Fynn Arkenberg RB 3 0 0 2015-2017
17%
123 Gaël Ondoua DM 29 0 0 2021-2023
17%
178 Gheorghe Popescu CB 14 1 0 2002-2003
17%
210 Gunnar Heidar Thorvaldsson ST 7 0 0 2006-2007
17%
211 Hendrik Hahne AM 7 0 1 2005-2006
17%
216 Hotaru Yamaguchi DM 6 0 0 2015-2016
17%
109 Igoris Morinas ST 35 4 2 2000-2002
17%
142 Jannes Horn LB 23 0 0 2019-2020
17%
128 Jessic Ngankam ST 27 4 2 2024-2025
17%
74 Jiri Kaufman ST 64 20 4 2000-2002, 2004-2005
17%
263 Johannes Dietwald DM 1 0 0 2005-2006
17%
200 Jonas Troest CB 8 0 0 2005-2007
17%
51 Jörg Sievers GK 78 0 0 2000-2003
17%
265 José Manuel RM 1 0 0 2002-2003
17%
79 Josip Elez CB 61 0 0 2017-2021
17%
48 Julian de Guzmán DM 78 2 5 2002-2005
17%
100 Konstantinos Konstantinidis CB 43 3 2 2002-2004
17%
202 Lawrence Ennali LW 8 0 0 2021-2022
17%
244 Leon Balogun CB 3 0 0 2008-2010
17%
102 Luka Krajnc CB 40 1 0 2021-2023
17%
58 Marcel Franke CB 74 0 0 2019-2022
17%
166 Marc Stendera CM 17 0 3 2019-2020
17%
118 Marc Ziegler GK 30 0 0 2003-2004
17%
259 Marius Stankevicius CB 2 0 0 2014-2015
17%
175 Mark Diemers AM 15 0 1 2021-2022
17%
207 Maurice Hirsch DM 7 0 0 2014-2015
17%
114 Max Besuschkow CM 32 1 4 2022-2024
17%
230 Michael Ratajczak GK 4 0 0 2019-2021
17%
235 Mick Gudra AM 4 1 0 2020-2021
17%
205 Mirko Ullmann ST 8 0 0 2000-2001
17%
237 Muhammed Damar AM 4 0 0 2023-2024
17%
26 Nebojsa Krupnikovic AM 117 17 24 2000-2005
17%
190 Rabbi Matondo RW 10 1 0 2024-2025
17%
162 Ricardo Sousa AM 18 1 2 2004-2006
17%
189 Roman Wallner ST 10 0 0 2004-2005
17%
277 Salim Djefaflia FW 1 0 0 2003-2004
17%
201 Sal Zizzo RB 8 0 0 2007-2010
17%
97 Sebastian Kerk AM, CM 46 10 5 2021-2023
17%
225 Sebastian Soto ST 5 0 0 2018-2020
17%
106 Sebastian Stolze RB 35 3 2 2021-2023
17%
249 Sherif Touré ST 3 0 0 2000-2001
17%
64 Silvio Schröter RM 68 3 5 2003-2007
17%
239 Stanko Svitlica ST 3 1 0 2003-2004
17%
185 Stefan Strandberg CB 12 0 4 2016-2017
17%
195 Thomas Kleine CB 9 1 0 2007-2008
17%
227 Tom Trybull DM 5 0 0 2021-2022
17%
213 Adrian Nikci LW 7 1 0 2012-2013
11%
188 Alexander Milosevic CB 10 0 0 2015-2016
11%
148 Babacar N'Diaye ST 22 8 2 2001-2003
11%
243 Benjamin Hadzic ST 3 0 1 2018-2019
11%
194 Blaise Nkufo ST 9 0 1 2002-2003
11%
199 Carlitos LW 8 0 0 2010-2012
11%
242 Carsten Wehlmann GK 3 0 0 2001-2002
11%
167 Christian Mikolajczak DM 17 1 0 2001-2002
11%
247 Daniel Royer LW 3 0 0 2011-2012
11%
31 Danijel Stefulj DM 100 14 6 2000-2005
11%
222 Deniz Kadah ST 5 0 0 2012-2014
11%
273 Ekin Celebi LB 1 0 0 2022-2023
11%
266 Elias Huth ST 1 0 0 2016-2017
11%
209 Élson AM 7 1 1 2009-2010
11%
177 Emil Hansson LW 14 0 1 2019-2020
11%
121 Fahed Dermech DF 30 0 0 2000-2001
11%
267 Fatih Yigitusagi ST 1 0 0 2008-2009
11%
254 Fernando LM 2 0 0 2002-2003
11%
275 Florian Büchler CB 1 0 0 2009-2010
11%
255 Franck Evina LW 2 0 0 2020-2021
11%
212 Frantisek Rajtoral RB 7 0 0 2013-2014
11%
157 Gaetan Krebs CM 20 0 1 2007-2009
11%
150 Gerhard Tremmel GK 22 0 1 2002-2004
11%
191 Guido Gorges CB 10 0 0 2000-2001, 2002-2003
11%
261 Heiner Backhaus DM 1 0 0 2001-2002
11%
236 Henning Hauger DM 4 0 0 2011-2012
11%
246 Holger Ballwanz DM 3 0 0 2000-2001
11%
115 Jaime DM 32 1 3 2002-2004
11%
196 Jan Durica CB 9 0 0 2009-2010
11%
272 Jaroslaw Lindner LW 1 0 0 2009-2010
11%
219 João Pereira RB 5 0 0 2014-2015
11%
181 John Guidetti ST 14 3 2 2019-2020
11%
252 Kai Oswald CB 2 0 0 2002-2003
11%
131 Kingsley Schindler RW 26 0 1 2020-2021
11%
146 Kléber LB 23 1 4 2003-2004
11%
158 Leandro ST 20 2 3 2004-2005
11%
271 Marc Lamti CB 1 0 0 2021-2022
11%
165 Marc van Hintum LB 17 0 0 2001-2003
11%
264 Markus Miller GK 1 0 0 2011-2012
11%
103 Markus Schuler LB 39 0 5 2002-2004
11%
269 Marlon Sündermann GK 1 0 0 2020-2021
11%
268 McKinze Gaines RW 1 0 0 2020-2021
11%
134 Michael Delura RW 25 1 4 2005-2006
11%
139 Michael Molata CB 24 2 0 2000-2001
11%
183 Michél Dinzey LM 13 2 0 2000-2001
11%
240 Mike-Steven Bähre CM 3 0 0 2015-2017
11%
226 Mirko Baschetti DF 5 0 0 2000-2002
11%
279 Montell Ndikom AM 1 0 0 2023-2024
11%
124 Moudachirou Amadou CB 29 0 0 2000-2001
11%
107 Mourad Bounoua AM 35 5 0 2000-2002
11%
192 Moussa Doumbouya ST 10 1 1 2020-2022
11%
159 Nico Däbritz DM 20 3 0 2000-2001
11%
116 Oliver Schäfer CB 32 1 0 2000-2002
11%
245 Patrick Herrmann RB 3 0 0 2008-2009
11%
149 Patrick Twumasi RW 22 3 2 2020-2021
11%
276 Rubic Ghasemi-Nobakht LW 1 0 0 2009-2010
11%
111 Salif Keita ST 33 4 2 2000-2002
11%
156 Simon Falette CB 20 0 1 2020-2022
11%
224 Simon Stehle RW 5 1 0 2019-2021
11%
250 Stefan Thesker CB 2 0 0 2014-2015
11%
154 Thorsten Nehrbauer DM 21 1 0 2001-2003
11%
223 Tim Walbrecht CB 5 0 0 2021-2022
11%
214 Tranquillo Barnetta AM 7 2 0 2004-2005
11%
176 Valdet Rama LW 15 0 0 2009-2010
11%
218 Veljko Paunovic ST 6 0 1 2004-2005
11%
228 Vladimir But AM 4 0 1 2003-2005
11%
No matching quizzes found
Score Distribution
Percent of People with Each Score
Percentile by Number Answered
Your Score History
You have not taken this quiz